[Event "Quebec op U1400"]
[Site "Montreal"]
[Date "2016.07.24"]
[Round "3.7"]
[White "Hall, Arturo"]
[Black "Pan, Yu Xiang"]
[Result "0-1"]
[WhiteElo "1291"]
[BlackElo "1187"]
[PlyCount "46"]
[EventDate "2016.07.23"]
[EventType "swiss"]
[EventRounds "8"]
[EventCountry "CAN"]
[SourceTitle "EXT 2022"]
[Source "ChessBase"]
[SourceDate "2021.10.06"]
[SourceVersion "1"]
[SourceVersionDate "2021.10.06"]
[SourceQuality "1"]

1. d4 d5 2. c4 e6 3. Nc3 Nf6 4. Bg5 Nbd7 5. e3 Bb4 6. Qc2 h6 7. Bxf6 Nxf6 8. Bd3 c6 9. Nf3 Bd7 10. 0-0 dxc4 11. Bxc4 Bxc3 12. bxc3 Nd5 13. e4 Nf4 14. g3 Nh3+ 15. Kg2 Ng5 16. Be2 e5 17. Kh1 exd4 18. Nxd4 0-0 19. f4 Bh3 20. Rfd1 Nh7 21. Ne6 Qb6 22. Nxf8 Qf2 23. Bd3 Bg2# 0-1